000 00285nam a22001337a 4500
008 170913b xxu||||| |||| 00| 0 eng d
020 _a9780201021189
041 _aeng
080 _a53
100 _a43
101 _aFIZ
245 _aLECTURES PHYSICS
_cFEYMAN,L
942 _2udc
_cBK
999 _c27432
_d27432